[Event "FICGS class M 000081 email"]
[Site "FICGS email"]
[Date "2018.12.07"]
[Round "1"]
[White "Casier, Wim"]
[Black "Kireev, Sergey Ivanovich"]
[Result "1/2-1/2"]
[WhiteElo "2242"]
[BlackElo "2308"]
[PlyCount "68"]
[EventDate "2018.??.??"]
[EventType "tourn (corr)"]
[EventRounds "6"]
[SourceTitle "Corr 2022"]
[Source "ChessBase"]
[SourceDate "2021.10.24"]
[SourceVersion "1"]
[SourceVersionDate "2021.10.24"]
[SourceQuality "1"]

1. e4 e5 2. Nf3 Nc6 3. Bb5 a6 4. Ba4 Nf6 5. 0-0 Be7 6. Re1 b5 7. Bb3 0-0 8. h3 Bb7 9. d3 d5 10. exd5 Nxd5 11. Nxe5 Nd4 12. Nc3 Nb4 13. Bf4 Nxb3 14. axb3 f6 15. Ng4 Bc5 16. Qd2 f5 17. Ne5 Qd4 18. Nd1 Rad8 19. Kh1 Bb6 20. Be3 Qxe5 21. Bxb6 Qd6 22. Ba5 Nc6 23. f3 Rd7 24. Kg1 h6 25. Qf2 g5 26. Bd2 g4 27. fxg4 fxg4 28. Qh4 gxh3 29. Bxh6 Qd4+ 30. Qxd4 Nxd4 31. Bxf8 Nxc2 32. Nf2 Kxf8 33. gxh3 Rd4 34. Rec1 Nxa1 1/2-1/2

[Event "FICGS class M 000081 email"]
[Site "FICGS email"]
[Date "2018.12.07"]
[Round "1"]
[White "Proietti, Costantino"]
[Black "Casier, Wim"]
[Result "1/2-1/2"]
[WhiteElo "2277"]
[BlackElo "2242"]
[PlyCount "43"]
[EventDate "2018.??.??"]
[EventType "tourn (corr)"]
[EventRounds "6"]
[SourceTitle "Corr 2022"]
[Source "ChessBase"]
[SourceDate "2021.10.24"]
[SourceVersion "1"]
[SourceVersionDate "2021.10.24"]
[SourceQuality "1"]

1. d4 Nf6 2. c4 g6 3. Nc3 Bg7 4. e4 d6 5. Nf3 0-0 6. Be2 e5 7. 0-0 Nc6 8. d5 Ne7 9. b4 Nh5 10. Re1 f5 11. Ng5 Nf6 12. Bf3 h6 13. Ne6 Bxe6 14. dxe6 c6 15. b5 fxe4 16. Bxe4 Nxe4 17. Nxe4 d5 18. cxd5 cxd5 19. Ba3 dxe4 20. Qxd8 Rfxd8 21. Bxe7 Re8 22. Bc5 1/2-1/2